Missing Word: Soft G Words in Movie Titles Quiz Stats

Quiz not verified by Sporcle

Challenge
Share
Tweet
Embed
Score 0/30 Timer 04:00
0 Plays Today
Movie Soft G Word % Correct
A Clockwork ___Orange
97%
Clear and Present ___Danger
92.8%
A.I. Artificial ___Intelligence
90.7%
Terminator 2: ___ DayJudgment
89%
An Officer and a ___Gentleman
88.1%
___ of the NerdsRevenge
87.7%
___ BullRaging
86.9%
Miss ___Congeniality
85.2%
I Am ___Legend
84.7%
___ Cody BanksAgent
82.6%
___ & DragonsDungeons
77.5%
The Madness of King ___George
75.4%
At Close ___Range
74.6%
A ___ Too FarBridge
74.2%
Over the ___Hedge
73.7%
Movie Soft G Word % Correct
Practical ___Magic
69.9%
Carnal ___Knowledge
67.8%
River's ___Edge
63.1%
___ on a TrainStrangers
62.7%
The ___ of Doctor ParnassusImaginarium
54.7%
The ___ DaughterGeneral's
54.2%
The Prince of ___Egypt
50%
The ___-UpChange
50%
___ 57Passenger
45.8%
___ YorkSergeant
43.2%
___ Road TripCollege
42.8%
Captains ___Courageous
33.1%
The Good ___German
31.4%
Little ___Giants
29.2%
___ HeartAngel
25.4%

You're not logged in!

Compare scores with friends on all Sporcle quizzes.
Join for Free
OR
Log In

You Might Also Like...

Show Comments

Extras

Top Quizzes Today


Score Distribution

Your Account Isn't Verified!

In order to create a playlist on Sporcle, you need to verify the email address you used during registration. Go to your Sporcle Settings to finish the process.

Report this User

Report this user for behavior that violates our Community Guidelines.

Details: